000 00675nam a22002057a 4500
005 20240530110604.0
008 161027s2015 ua g b 000 0 ara d
017 _a7024
_bمصر. دار الكتب
020 _a9772321076
040 _aEG-CaGPL
_cEG-CaGPL
082 _221
_a302.23\
_bم ن
100 0 _aمحمد عبدالحميد
245 1 0 _aنظريات الاعلام و اتجاهات التاثير /
_cمحمد عبدالحميد
250 _aط. 4
260 _aالقاهرة :
_bعالم الكتب ،
_c2015 .
300 _a634 ص. ؛
_c24 سم.
650 0 7 _2qrmak
_aالاعلام
942 _2ddc
_cBK
999 _c62719
_d62719